000 00619nam a2200265Ia 4500
005 20260306164417.0
008 008 260114s9999 xx 000 0 eng d
020 _a9789882206717
037 _aEBOOK
040 _aCRL
040 _beng
040 _cCRL
041 _2eng
041 _aeng
084 _qCRL
100 _aYeh, Xu
_91130661
245 0 _aChina's Pan-pearl River Delta
260 _bHong Kong University Press
260 _c2011
650 _aEconomics & Finance
856 _uhttps://academic.oup.com/book/13410
942 _cEBOOK
999 _c1713973
_d1713973